000 02154nam a2200517 i 4500
001 23304
003 KOSZ 005
005 20200604082015.0
008 200511s1985 pl a f 100 0 pol
015 _aUWD 1986/633
035 _a991007929789705066
035 _a(PL-WaBN)b12045007-48omnis_nlop
035 _ab12045007
035 _a(OCoLC)835903285
035 _a(PL)b0000001204500
035 _a(EXLNZ-48OMNIS_NETWORK)9910197253405606
040 _aWA N
_cWA N
_dKOSZ 005/RW
041 0 _apol
_aeng
_arus
_bpol
_beng
_brus
046 _k1985
080 _a628.1
080 _a628.3
245 0 0 _aWysokoefektywne metody oczyszczania ścieków i odnowa wody :
_bmateriały na [IV międzynarodową] konferencję naukową.
_nCz. 2,
_pUsuwanie substancji biogennych, refrakcyjnych i specyficznych ; Odnowa wody i odzysk cennych substancji ze ścieków /
_credaktor naukowy Tadeusz Gabryszewski.
260 _aKraków :
_bPK,
_c1985.
300 _a376 stron :
_brysunki, wykresy ;
_c24 cm.
336 _aTekst
_btxt
_2rdacontent
337 _aBez urządzenia pośredniczącego
_bn
_2rdamedia
338 _aWolumin
_bnc
_2rdacarrier
380 _aKsiążki
380 _aPublikacje naukowe
388 _a1901-2000
388 _a1945-1989
490 1 _aMonografia / Politechnika Krakowska im. Tadeusza Kościuszki,
_x0137-1363 ;
_v34
504 _aBibliografia przy referatach.
546 _aTekst częściowo w języku angielskim i rosyjskim. Streszczenia w języku polskim, angielskim, rosyjskim przy referatach.
650 7 _aOczyszczalnia ścieków
_2DBN
650 7 _aUzdatnianie wody
_2DBN
655 7 _aMateriały konferencyjne
_2DBN
658 _aInżynieria i technika
658 _aOchrona środowiska
700 1 _aGabryszewski, Tadeusz
_d(1906-1995)
_eRedakcja
710 2 _aPolitechnika Krakowska im. Tadeusza Kościuszki
_4pbl
_bWydawnictwo
830 0 _aMonografia - Politechnika Krakowska im. Tadeusza Kościuszki
_v34
856 _uhttp://koha.tu.koszalin.pl/cgi-bin/koha/opac-detail.pl?biblionumber=23304
_yKatalog online BPK
942 _2UKD
_cKS
999 _c23304
_d23304